00546nam a2200181 a 45000010005000000030009000050050017000140080041000310400028000720820022001001000036001222450082001582500007002402600061002473000010003086500021003186500025003396652CO-ViMGA20230915225820.0141112s2004 ck r 000 u spa d aCO-ViMGAbspacCO-ViMGA04a346.0432 O246 2ED1 aOchoa Carvajal, Raúl Humberto10aBienes : bestudio sobre los bienes, la propiedad y los otros derechos reales a2a a(Santafé de Bogotá) : bJurídica Sánchez, c1995 a364 p14aBIENES - DERECHO14aDERECHO DE PROPIEDAD